LEADER 01083nam0 22002891i 450 001 UON00419313 005 20231205104815.556 100 $a20130227d1959 |0itac50 ba 101 $afre 102 $aFR 105 $a|||| 1|||| 200 1 $aTraces$fpar Ernst Bloch$gtraduit de l'allemand par Pierre Quillet et Hans Hildenbrand 210 $aParis$cGallimard$d1959 215 $a242 p.$d19 cm. 606 $aLetteratura francese$3UONC068889$2FI 620 $aFR$dParis$3UONL002984 676 $a843$cNarrativa francese$v21 700 1$aBLOCH$bErnst$3UONV131634$0433957 702 1$aHILDENBRAND$bHans$3UONV213948 702 1$aQUILLET$bPierre$3UONV213947 712 $aGallimard$3UONV246610$4650 801 $aIT$bSOL$c20260206$gRICA 899 $aSIBA - SISTEMA BIBLIOTECARIO DI ATENEO E ARCHIVIO STORICO$2UONSI 912 $aUON00419313 950 $aSIBA - SISTEMA BIBLIOTECARIO DI ATENEO E ARCHIVIO STORICO$dSI VI A BLO $eSI SFR5622 5 $sBuono 996 $aTraces$91340005 997 $aUNIOR